Normal view
MARC view
Entry Topical Term
001 - CONTROL NUMBER
- control field: 49212
003 - CONTROL NUMBER IDENTIFIER
- control field: ARRUPE
005 - DATE AND TIME OF LATEST TRANSACTION
- control field: 20200131104224.0
008 - FIXED-LENGTH DATA ELEMENTS
- fixed length control field: 200131|| aca||aabn | a|a d
040 ## - CATALOGING SOURCE
- Original cataloging agency: ARRUPE
- Transcribing agency: ARRUPE
150 ## - HEADING--TOPICAL TERM
- Topical term or geographic name as entry element: Philosophy, African
670 ## - SOURCE DATA FOUND
- Source citation: Work cat.: (ARRUPE)0: Etieyibo, Edwin E. 49211, Method, substance, and the future of African philosophy /, 2018